000 00842nam a2200277Ia 4500
003 OSt
005 20220928115136.0
006 a|||||r|||| 00| 0
007 ta
008 220927b |||||||| |||| 00| 0 eng d
020 _c2762.2325000000001
024 _a112981
037 _b4182, 17/11/2011, New India Book Agency
_cTextual
040 _aSDCL
_cSDCL
_beng
041 _2eng
_aeng
082 _aE9G, P9
100 _aOsgood Marcy
_9443217
245 0 _aAbsolute,ultimate guide to lehninger principles of biochemistry.
250 _a5
260 _aNew York
_b W H Freeman and Company
_c2009
300 _ax,678p.
_ccm.
650 _aBiochemistry
700 _a Ocorr Karen
_9443218
942 _hE9G, P9
_cTEXL
_2CC
999 _c758368
_d758368